|
|
|
|
| LEADER |
00000nab a2200000 a 4500 |
| 001 |
vtls008770904 |
| 003 |
SK-MaSNL |
| 005 |
20260303202355.0 |
| 008 |
140402 1977 xo 000 0 slo |
| 015 |
|
|
|a SNBRB1977
|
| 040 |
|
|
|a SNKBUCL
|b slo
|c snkbucl
|e AACR2
|
| 041 |
0 |
|
|a slo
|
| 044 |
|
|
|a xo
|c SK
|
| 080 |
|
|
|a 94(437.6)-051
|2 2001
|
| 080 |
|
|
|a 329.15-051
|2 2001
|
| 080 |
|
|
|a 929 Šmidke, Karol
|2 1981
|
| 100 |
1 |
|
|a Kováčiková
|4 aut
|9 666191
|
| 245 |
1 |
0 |
|a Všetko pre povstanie
|b [80. nedožité narodeniny K. Šmidkeho]
|c Kováčiková
|
| 300 |
|
|
|b Obr.
|
| 600 |
1 |
7 |
|a Šmidke, Karol,
|d 1897-1952
|2 snkbucl
|9 37993
|
| 773 |
0 |
|
|t Bojovník
|g Roč. 9, č. 4 (1977), s. 8
|
| 958 |
|
|
|a BX
|
| 958 |
|
|
|a OS
|
| 999 |
|
|
|c 2179225
|d 2181155
|